[Event "HUN-chT2 Toth 1718"]
[Site "Hungary"]
[Date "2017.12.03"]
[Round "5.8"]
[White "Toth, Kazmer"]
[Black "Szekeres, Janos"]
[Result "0-1"]
[WhiteElo "1953"]
[BlackElo "1833"]
[PlyCount "100"]
[EventDate "2017.09.24"]
[EventType "team-tourn"]
[EventRounds "11"]
[EventCountry "HUN"]
[SourceTitle "EXT 2021"]
[Source "ChessBase"]
[SourceDate "2020.10.23"]
[SourceVersion "1"]
[SourceVersionDate "2020.10.23"]
[SourceQuality "1"]
[WhiteTeam "Felegyhaza Csongrad"]
[BlackTeam "Kecskemet Toth Laszlo II"]
[WhiteTeamCountry "HUN"]
[BlackTeamCountry "HUN"]

1. c4 Nf6 2. Nc3 c6 3. e4 e5 4. Nf3 Bb4 5. d3 d6 6. Bd2 0-0 7. Be2 Bg4 8. 0-0 Nbd7 9. a3 Ba5 10. b4 Bc7 11. Bg5 Nb6 12. b5 d5 13. bxc6 bxc6 14. c5 Nc8 15. exd5 cxd5 16. Bxf6 gxf6 17. Nh4 Be6 18. Bg4 Kh8 19. Bxe6 fxe6 20. Nb5 Qd7 21. Nxc7 Qxc7 22. d4 e4 23. f3 Qf4 24. g3 Qe3+ 25. Kg2 Rb8 26. Ra2 Qb3 27. Qe2 Ne7 28. fxe4 dxe4 29. Qc2 Nc6 30. Qxb3 Rxb3 31. Raf2 Kg7 32. Rf4 Nxd4 33. Rxe4 e5 34. Rc1 Rc8 35. c6 Rxc6 36. Rxc6 Nxc6 37. Rc4 Na5 38. Rc7+ Kh6 39. Rxa7 Rxa3 40. Rf7 Ra2+ 41. Kh3 Rf2 42. Kg4 Nc4 43. Nf5+ Rxf5 44. Rxh7+ Kxh7 45. Kxf5 Nd6+ 46. Kg4 Kg6 47. h3 Nc4 48. Kf3 Kf5 49. Kf2 Ke4 50. Ke2 Nd6 0-1

[Event "HUN-chT2 Toth 1617"]
[Site "Hungary"]
[Date "2016.09.25"]
[Round "1.12"]
[White "Szekeres, Janos"]
[Black "Fejes, Daniel"]
[Result "1-0"]
[WhiteElo "1745"]
[BlackElo "1289"]
[PlyCount "47"]
[EventDate "2016.09.25"]
[EventType "team-tourn"]
[EventRounds "11"]
[EventCountry "HUN"]
[SourceTitle "EXT 2021"]
[Source "ChessBase"]
[SourceDate "2020.10.23"]
[SourceVersion "1"]
[SourceVersionDate "2020.10.23"]
[SourceQuality "1"]
[WhiteTeam "Kecskemet Toth Laszlo II"]
[BlackTeam "Nadudvar"]
[WhiteTeamCountry "HUN"]
[BlackTeamCountry "HUN"]

1. e4 e5 2. Nf3 Nc6 3. d4 exd4 4. Bc4 h6 5. Nxd4 Qf6 6. Nb5 Bd6 7. Nxd6+ cxd6 8. 0-0 Nge7 9. Nc3 0-0 10. Nb5 Ne5 11. Bb3 N7c6 12. Qxd6 Qxd6 13. Nxd6 b6 14. f4 Ng6 15. Bc4 Rb8 16. Bd2 b5 17. Bxb5 Nd4 18. Bd3 Rb6 19. Nxc8 Rxc8 20. Be3 Nxc2 21. Bxc2 Rxb2 22. Bd3 Ne7 23. Bd4 Rbb8 24. Bxa7 1-0

[Event "HUN-chT2 Toth 1516"]
[Site "Hungary"]
[Date "2015.09.13"]
[Round "1.1"]
[White "Szekeres, Janos"]
[Black "Lenkei, Robert"]
[Result "1-0"]
[WhiteElo "1757"]
[BlackElo "1705"]
[PlyCount "27"]
[EventDate "2015.09.13"]
[EventType "team-tourn"]
[EventRounds "11"]
[EventCountry "HUN"]
[SourceTitle "EXT 2017"]
[Source "ChessBase"]
[SourceDate "2016.10.25"]
[SourceVersion "1"]
[SourceVersionDate "2016.10.25"]
[SourceQuality "1"]
[WhiteTeam "Toth Laszlo II"]
[BlackTeam "Felegyhaza Csongrad"]
[WhiteTeamCountry "HUN"]
[BlackTeamCountry "HUN"]

1. e4 e5 2. Nf3 Nc6 3. d4 exd4 4. Bc4 d6 5. Nxd4 Ne5 6. Bb3 Qh4 7. 0-0 Nf6 8. Nb5 Nxe4 9. f3 Ng5 10. Bxg5 Qxg5 11. f4 Nf3+ 12. Qxf3 Qxb5 13. Qe4+ Be7 14. Ba4 1-0